[Event "Tata Steel Tienkamp 1"]
[Site "Wijk aan Zee NED"]
[Date "2016.01.27"]
[Round "6.1"]
[White "Guramishvili, Sopiko"]
[Black "Beukema, Stefan"]
[Result "1/2-1/2"]
[WhiteTitle "IM"]
[BlackTitle "FM"]
[WhiteElo "2374"]
[BlackElo "2357"]
[WhiteFideId "13602888"]
[BlackFideId "1024523"]
[EventDate "2016.01.22"]

1. c4 f5 2. g3 Nf6 3. Bg2 g6 4. Nc3 Bg7 5. d3 O-O 6. e4 fxe4 7. dxe4 d6 8. Nge2
Nc6 9. O-O e5 10. Nd5 Be6 11. Bg5 Qd7 12. Qd2 Rf7 13. b4 Nh5 14. f3 Raf8 15. Be3
Nd8 16. Qd3 h6 17. Rad1 Nf6 18. Nxf6+ Rxf6 19. Nc3 Nc6 20. b5 Nd4 21. Bxd4 exd4
22. Ne2 c5 23. bxc6 Qxc6 24. Nxd4 Qc5 25. Rc1 Rc8 26. Rf2 Bxc4 27. Qd1 b5 28.
Bh3 Re8 29. Bf1 d5 30. exd5 Ra6 31. Nb3 Qe3 32. Kg2 Rxa2 33. Rxa2 Bxb3 34. Re2
Bxd1 35. Rxe3 Rxe3 36. Rxd1 b4 37. d6 Re8 38. d7 Rd8 39. Bb5 Kf7 40. Re1 Bf6 41.
Re3 Kg7 42. Ba4 a5 43. Kf1 Rb8 44. Ke2 Rb6 45. Rd3 Re6+ 46. Re3 1/2-1/2

[Event "Tata Steel Tienkamp 1"]
[Site "Wijk aan Zee NED"]
[Date "2016.01.27"]
[Round "6.2"]
[White "Hopman, Pieter"]
[Black "Hendriks, Willy"]
[Result "0-1"]
[WhiteTitle "FM"]
[BlackTitle "IM"]
[WhiteElo "2389"]
[BlackElo "2394"]
[WhiteFideId "1005669"]
[BlackFideId "1000713"]
[EventDate "2016.01.22"]

1. d4 g6 2. c4 Bg7 3. Nf3 d6 4. Nc3 Nf6 5. Bg5 O-O 6. e3 c5 7. Be2 h6 8. Bh4 Bf5
9. O-O Ne4 10. Nxe4 Bxe4 11. Qd2 cxd4 12. Nxd4 Nc6 13. Nb5 g5 14. Bg3 Ne5 15.
Rac1 Qb6 16. h4 Rac8 17. b3 gxh4 18. Bxh4 Ng6 19. Bg3 Rc5 20. f3 Bc6 21. Bf2 a5
22. e4 Be5 23. Nd4 Bf4 24. Qc3 Kh7 25. Rfd1 Rg8 26. Nf5 Qc7 27. Kf1 e6 28. Ne3
Rh5 29. Ke1 Ne5 30. Bf1 Rh1 31. Rc2 Qe7 32. Kd2 Qg5 33. Kc1 Bxe4 34. Rcd2 Bg6
35. Be2 Rxd1+ 36. Kxd1 Qh5 37. Rd4 Qh1+ 38. Kd2 Qxg2 39. Rxf4 Qxf2 40. Kd1 Qg1+
41. Kd2 Qh2 0-1

[Event "Tata Steel Tienkamp 1"]
[Site "Wijk aan Zee NED"]
[Date "2016.01.27"]
[Round "6.3"]
[White "Brink, Barry"]
[Black "De Ruiter, Danny"]
[Result "0-1"]
[BlackTitle "FM"]
[WhiteElo "2360"]
[BlackElo "2310"]
[WhiteFideId "1009451"]
[BlackFideId "1020650"]
[EventDate "2016.01.22"]

1. Nf3 Nf6 2. b3 d6 3. Bb2 e5 4. c4 Nc6 5. g3 g6 6. d4 e4 7. d5 exf3 8. dxc6 Bg7
9. Nd2 O-O 10. Nxf3 bxc6 11. Bg2 Bd7 12. c5 Qe7 13. cxd6 cxd6 14. O-O Rac8 15.
Re1 c5 16. e4 Ng4 17. Bxg7 Kxg7 18. Qd2 Ne5 19. Nxe5 dxe5 20. Qc3 f6 21. Rac1
Be6 22. Bf1 Rfd8 23. Bc4 Rd4 24. Bxe6 Qxe6 25. Qa5 Qb6 26. Qa3 Rc7 27. Rc2 Qd6
28. Qa5 Qb6 29. Qc3 Qd6 30. Kg2 Qc6 31. f3 Qd6 32. Rec1 Qa6 33. g4 c4 34. Qb2
Qb6 35. Kg3 Rd3 36. bxc4 Qe3 37. Rf1 Rcd7 38. Re2 Qf4+ 39. Kg2 Rd2 0-1

[Event "Tata Steel Tienkamp 1"]
[Site "Wijk aan Zee NED"]
[Date "2016.01.27"]
[Round "6.4"]
[White "Van der Lende, Ilias"]
[Black "Rudolf, Anna"]
[Result "1-0"]
[WhiteTitle "FM"]
[BlackTitle "IM"]
[WhiteElo "2336"]
[BlackElo "2332"]
[WhiteFideId "1019260"]
[BlackFideId "722855"]
[EventDate "2016.01.22"]

1. Nf3 Nf6 2. d4 b6 3. e3 Bb7 4. Bd3 g6 5. O-O Bg7 6. Nbd2 c5 7. b3 O-O 8. Bb2
d6 9. c4 Nbd7 10. d5 b5 11. e4 b4 12. Qc2 Qc7 13. Rae1 Ne5 14. Nxe5 dxe5 15. g3
Bh6 16. f4 exf4 17. e5 Nh5 18. g4 Ng7 19. Nf3 Ne8 20. e6 Bg7 21. exf7+ Rxf7 22.
Bxg6 hxg6 23. Qxg6 Rf6 24. Bxf6 Nxf6 25. Ng5 e5 26. dxe6 Qe7 27. Rxf4 Rf8 28.
Nf7 Ba8 29. Nh6+ Kh8 30. Nf5 Qb7 31. Rf3 Nh7 32. e7 Bd4+ 33. Nxd4 Rxf3 34. Nxf3 1-0

[Event "Tata Steel Tienkamp 1"]
[Site "Wijk aan Zee NED"]
[Date "2016.01.27"]
[Round "6.5"]
[White "Dobrov, Vladimir"]
[Black "Pijpers, Arthur"]
[Result "1-0"]
[WhiteTitle "GM"]
[BlackTitle "IM"]
[WhiteElo "2518"]
[BlackElo "2463"]
[WhiteFideId "4136594"]
[BlackFideId "1019554"]
[EventDate "2016.01.22"]

1. d4 Nf6 2. c4 g6 3. Nc3 Bg7 4. Nf3 O-O 5. Bg5 d6 6. e3 h6 7. Bh4 c5 8. Be2 g5
9. Bg3 Nh5 10. dxc5 Nxg3 11. hxg3 dxc5 12. Qc2 e6 13. Rh5 f5 14. g4 Nc6 15. a3
Ne7 16. Nd2 a6 17. g3 Qe8 18. O-O-O Rb8 19. Rdh1 b5 20. gxf5 b4 21. f6 Rxf6 22.
Nce4 Rf5 23. Rxh6 bxa3 24. bxa3 Qd8 25. Bg4 Qa5 26. Qd3 Bb7 27. Bxf5 exf5 28.
Qd6 Qxa3+ 29. Kd1 Bxe4 30. Qe6+ Kf8 31. Rh8+ Bxh8 32. Rxh8+ Kg7 33. Qe5+ Kg6 34.
Rxb8 Qd3 35. Rb6+ Kh5 36. g4+ fxg4 37. Qh2# 1-0

[Event "Tata Steel Tienkamp 1"]
[Site "Wijk aan Zee NED"]
[Date "2016.01.29"]
[Round "7.1"]
[White "De Ruiter, Danny"]
[Black "Dobrov, Vladimir"]
[Result "1-0"]
[WhiteTitle "FM"]
[BlackTitle "GM"]
[WhiteElo "2310"]
[BlackElo "2518"]
[WhiteFideId "1020650"]
[BlackFideId "4136594"]
[EventDate "2016.01.22"]

1. d4 Nf6 2. c4 c6 3. Nf3 d5 4. Nc3 e6 5. g3 dxc4 6. Bg2 b5 7. O-O Bb7 8. e4 Be7
9. e5 Nfd7 10. Bg5 h6 11. Bxe7 Qxe7 12. Ne4 O-O 13. Nh4 Na6 14. f4 Rfd8 15. Qh5
f5 16. Ng6 Qb4 17. Nd6 Nf8 18. Ne7+ Kh7 19. Qf7 1-0

[Event "Tata Steel Tienkamp 1"]
[Site "Wijk aan Zee NED"]
[Date "2016.01.29"]
[Round "7.2"]
[White "Rudolf, Anna"]
[Black "Hopman, Pieter"]
[Result "0-1"]
[WhiteTitle "IM"]
[BlackTitle "FM"]
[WhiteElo "2332"]
[BlackElo "2389"]
[WhiteFideId "722855"]
[BlackFideId "1005669"]
[EventDate "2016.01.22"]

1. e4 d6 2. d4 Nf6 3. Nc3 e5 4. Nf3 Nbd7 5. Bc4 Be7 6. a4 O-O 7. O-O c6 8. Ba2
a5 9. Qe2 exd4 10. Nxd4 Nc5 11. f3 Qb6 12. Qf2 Re8 13. Nb3 Nfd7 14. Be3 Qb4 15.
Nxc5 Nxc5 16. Nb5 cxb5 17. c3 Nd3 18. Qd2 Qxb2 19. Qxd3 b4 20. Bd4 b3 21. Qb5
Be6 22. Rfb1 Qxa2 23. Rxa2 bxa2 24. Rc1 Rec8 25. c4 Bf6 26. Bxf6 gxf6 27. Qb2
Rxc4 28. Rxc4 Bxc4 29. Qxf6 Re8 30. Kf2 Re5 31. f4 a1=Q 32. fxe5 Qxe5 0-1

[Event "Tata Steel Tienkamp 1"]
[Site "Wijk aan Zee NED"]
[Date "2016.01.29"]
[Round "7.3"]
[White "Pijpers, Arthur"]
[Black "Van der Lende, Ilias"]
[Result "1-0"]
[WhiteTitle "IM"]
[BlackTitle "FM"]
[WhiteElo "2463"]
[BlackElo "2336"]
[WhiteFideId "1019554"]
[BlackFideId "1019260"]
[EventDate "2016.01.22"]

1. e4 d5 2. exd5 Nf6 3. Nf3 Bg4 4. Bb5+ Nbd7 5. c4 a6 6. Bxd7+ Qxd7 7. Ne5 Bxd1
8. Nxd7 Kxd7 9. Kxd1 b5 10. d3 g6 11. Kc2 Bg7 12. Nc3 Rhc8 13. Be3 Ng4 14. Rad1
f5 15. Bc5 c6 16. Rhe1 Bf6 17. b4 Rab8 18. Re2 Rb7 19. Rde1 Kd8 20. h3 Nh6 21.
Re6 Bxc3 22. Kxc3 cxd5 23. Bxe7+ Kd7 24. Bc5 Ng8 25. Re7+ Nxe7 26. Rxe7+ Kc6 27.
cxd5+ 1-0

[Event "Tata Steel Tienkamp 1"]
[Site "Wijk aan Zee NED"]
[Date "2016.01.29"]
[Round "7.4"]
[White "Hendriks, Willy"]
[Black "Guramishvili, Sopiko"]
[Result "1/2-1/2"]
[WhiteTitle "IM"]
[BlackTitle "IM"]
[WhiteElo "2394"]
[BlackElo "2374"]
[WhiteFideId "1000713"]
[BlackFideId "13602888"]
[EventDate "2016.01.22"]

1. e4 c5 2. Nf3 d6 3. Bb5+ Nd7 4. c3 Nf6 5. Qe2 a6 6. Ba4 e6 7. O-O b5 8. Bc2
Bb7 9. d4 Be7 10. a4 O-O 11. Bg5 Qc7 12. Bd3 Rfe8 13. Nbd2 c4 14. Bc2 h6 15. Bh4
e5 16. Rfe1 Bf8 17. Bg3 Nh5 18. b4 g6 19. Nf1 Ndf6 20. d5 Nf4 21. Bxf4 exf4 22.
Qd2 g5 23. h4 Nh7 24. Nd4 Qd7 25. Nh2 Nf6 26. Nf5 Re5 27. Nf3 Rxf5 28. exf5 g4
29. Nd4 f3 30. g3 Bxd5 31. axb5 axb5 32. Rxa8 Bxa8 33. Ra1 Bc6 34. Ra6 Bd5 35.
Ra5 Bc6 36. Ra6 Bd5 37. Qe1 Bg7 38. Ra5 Bc6 39. Ra6 Bd5 40. Rb6 Bb7 41. Rxb5 Nd5
42. Rxb7 Qxb7 43. Qe8+ Bf8 44. Be4 Qe7 45. Qxe7 Nxe7 46. f6 Nc8 47. Nf5 h5 48.
Bd5 Nb6 49. Ne7+ Kh8 50. Bxf7 Bh6 51. Nf5 Bd2 52. Bxc4 Bxc3 53. f7 Nd7 54. b5
Ba5 55. Be6 Nf8 56. Bd5 Bc7 57. Bc6 Ne6 58. Ne7 Kg7 59. Be8 Bd8 60. Nf5+ Kf8 61.
Nxd6 Nc5 62. Nc4 Bc7 63. Ne3 Ne4 64. Nd5 Bd6 65. Nb6 Nf6 66. Nc4 Bb8 67. Bc6
Kxf7 68. b6 Ke7 69. Kf1 Ng8 70. Bd5 Nf6 71. Bc6 Ng8 72. Ke1 Nh6 73. Be4 Kf6 74.
b7 Nf7 75. Bd5 Ne5 76. Nxe5 Bxe5 77. Kd2 Bb8 78. Bc6 Ke7 79. Be4 Kf6 80. Bc2 Ba7
81. Bd3 Kf7 82. Be4 Kf6 83. Kd3 Kf7 84. Bxf3 gxf3 85. Ke4 Ke6 86. Kxf3 Kd7 87.
g4 hxg4+ 88. Kxg4 Kc7 89. f4 Kxb7 90. f5 Bd4 91. Kg5 Kc7 92. Kg6 Kd6 93. h5 Ke7
94. h6 Bf6 95. h7 Bh8 96. f6+ Bxf6 97. h8=N 1/2-1/2

[Event "Tata Steel Tienkamp 1"]
[Site "Wijk aan Zee NED"]
[Date "2016.01.29"]
[Round "7.5"]
[White "Beukema, Stefan"]
[Black "Brink, Barry"]
[Result "1/2-1/2"]
[WhiteTitle "FM"]
[WhiteElo "2357"]
[BlackElo "2360"]
[WhiteFideId "1024523"]
[BlackFideId "1009451"]
[EventDate "2016.01.22"]

1. e4 c5 2. Nf3 e6 3. d4 cxd4 4. Nxd4 Nc6 5. Nc3 Qc7 6. Be3 Nf6 7. f4 Bb4 8. Nb5
Qa5 9. e5 Ne4 10. Qd3 Nxc3 11. bxc3 Be7 12. Be2 O-O 13. O-O f6 14. exf6 Bxf6 15.
Bc5 Be7 16. Bxe7 Nxe7 17. c4 d5 18. Nd4 dxc4 19. Qxc4 Nd5 20. Qb3 Qd2 21. Rad1
Qe3+ 22. Rf2 Qxb3 23. axb3 Nxf4 24. Bc4 Kh8 25. Rdf1 g5 26. h4 h6 27. hxg5 hxg5
28. Nf3 Kg7 29. Nxg5 e5 30. g3 Nh3+ 31. Nxh3 Bxh3 32. Rf7+ Rxf7 33. Rxf7+ Kg6
34. Rxb7 a5 35. Bd5 Rf8 36. Re7 Rf1+ 37. Kh2 Bf5 38. Rxe5 Rf2+ 39. Kg1 Rxc2 40.
Bg8 Rc8 41. Bf7+ Kxf7 42. Rxf5+ Ke6 43. Rf3 Rc2 44. g4 a4 45. bxa4 Rc4 46. Rg3
Rxa4 47. Kg2 Kf6 48. Kh3 Kg5 49. Rb3 Ra5 50. Kg3 Rc5 51. Ra3 Rb5 52. Kf3 Rc5 53.
Rb3 Ra5 54. Re3 Rb5 55. Re8 Rb3+ 56. Re3 Rxe3+ 57. Kxe3 Kxg4 1/2-1/2

[Event "Tata Steel Tienkamp 1"]
[Site "Wijk aan Zee NED"]
[Date "2016.01.30"]
[Round "8.1"]
[White "Van der Lende, Ilias"]
[Black "De Ruiter, Danny"]
[Result "1-0"]
[WhiteTitle "FM"]
[BlackTitle "FM"]
[WhiteElo "2336"]
[BlackElo "2310"]
[WhiteFideId "1019260"]
[BlackFideId "1020650"]
[EventDate "2016.01.22"]

1. e4 c5 2. Nf3 e6 3. d4 cxd4 4. Nxd4 Nc6 5. Nc3 Qc7 6. f4 a6 7. Nxc6 Qxc6 8.
Bd3 b5 9. a3 Bb7 10. Qe2 Bc5 11. Bd2 Ne7 12. Rf1 O-O-O 13. O-O-O Kb8 14. Kb1 g6
15. Qe1 Qb6 16. g4 h5 17. gxh5 Rxh5 18. Na4 bxa4 19. Ba5 Qa7 20. Bxd8 Nc6 21.
Bf6 Qb6 22. Ka2 d5 23. f5 Ka7 24. exd5 Nd4 25. dxe6 Bd5+ 26. Kb1 fxe6 27. Bxd4
Bxd4 28. Qb4 Qxb4 29. axb4 Bg2 30. fxe6 Bxf1 31. Bxf1 Re5 32. Rxd4 Re1+ 33. Ka2
Rxf1 34. Re4 1-0

[Event "Tata Steel Tienkamp 1"]
[Site "Wijk aan Zee NED"]
[Date "2016.01.30"]
[Round "8.2"]
[White "Dobrov, Vladimir"]
[Black "Beukema, Stefan"]
[Result "1-0"]
[WhiteTitle "GM"]
[BlackTitle "FM"]
[WhiteElo "2518"]
[BlackElo "2357"]
[WhiteFideId "4136594"]
[BlackFideId "1024523"]
[EventDate "2016.01.22"]

1. d4 f5 2. g3 Nf6 3. Bg2 g6 4. c4 Bg7 5. b4 O-O 6. Bb2 d6 7. Nf3 c5 8. bxc5
dxc5 9. e3 Qb6 10. Qb3 Nc6 11. dxc5 Qxc5 12. Nbd2 a5 13. O-O a4 14. Qb5 Qxb5 15.
cxb5 Nb4 16. a3 Nd3 17. Bd4 Rd8 18. Rfd1 Ng4 19. Bxg7 Kxg7 20. Rf1 e5 21. h3 Nf6
22. Rfd1 Bd7 23. Nc4 e4 24. Nd4 Nd5 25. Rxd3 exd3 26. Bxd5 Rac8 27. Nb6 Rc3 28.
Nxa4 Rc7 29. Rd1 Ra8 30. Bb3 1-0

[Event "Tata Steel Tienkamp 1"]
[Site "Wijk aan Zee NED"]
[Date "2016.01.30"]
[Round "8.3"]
[White "Hopman, Pieter"]
[Black "Guramishvili, Sopiko"]
[Result "0-1"]
[WhiteTitle "FM"]
[BlackTitle "IM"]
[WhiteElo "2389"]
[BlackElo "2374"]
[WhiteFideId "1005669"]
[BlackFideId "13602888"]
[EventDate "2016.01.22"]

1. d4 d5 2. c4 e6 3. Nc3 c6 4. Nf3 dxc4 5. e4 b5 6. a4 Bb4 7. Be2 Nf6 8. O-O
Bxc3 9. bxc3 Nxe4 10. Qc2 Nd6 11. Ba3 O-O 12. Nd2 a6 13. Bf3 Ra7 14. Ne4 Rd7 15.
Rfe1 h6 16. Ng3 Bb7 17. Qe2 Qc7 18. Qe5 Rc8 19. Nh5 Nf5 20. Qe2 Rdd8 21. Be4 Nd7
22. Qf3 g6 23. Bxf5 exf5 24. Re7 c5 25. Qe2 Qc6 26. Nf4 Qd6 27. Bxc5 Qxf4 28.
Bb4 Be4 29. f3 Bd3 30. Qe1 Nf6 31. Rxf7 Nd5 32. Re7 Be4 33. Re6 Re8 34. Rxg6+
Kh7 35. Rxa6 Bxf3 36. Ra7+ Kh8 37. Qf2 Nxb4 38. cxb4 Rg8 39. Rf1 Rxg2+ 0-1

[Event "Tata Steel Tienkamp 1"]
[Site "Wijk aan Zee NED"]
[Date "2016.01.30"]
[Round "8.4"]
[White "Rudolf, Anna"]
[Black "Pijpers, Arthur"]
[Result "1/2-1/2"]
[WhiteTitle "IM"]
[BlackTitle "IM"]
[WhiteElo "2332"]
[BlackElo "2463"]
[WhiteFideId "722855"]
[BlackFideId "1019554"]
[EventDate "2016.01.22"]

1. e4 e6 2. d4 d5 3. Nd2 c5 4. exd5 Qxd5 5. Ngf3 cxd4 6. Bc4 Qd6 7. O-O Nf6 8.
Nb3 Nc6 9. Nbxd4 Nxd4 10. Qxd4 Qxd4 11. Nxd4 a6 12. a4 Bc5 13. c3 Bd7 14. Be3
Rc8 15. Bb3 O-O 16. h3 a5 17. Rfd1 Rfd8 18. Nc2 Ne4 19. Nd4 h6 20. Kf1 e5 21.
Nf3 Bxe3 22. fxe3 Bc6 23. Ke2 Nc5 24. Bc2 f6 25. Rxd8+ Rxd8 26. b4 Ne4 27. Ra3
Rc8 28. Bxe4 Bxe4 29. g3 b6 30. Nd2 Bd5 31. h4 Kf7 32. Kd3 Rd8 33. Kc2 g5 34. c4
Bc6 35. b5 Bg2 36. c5 bxc5 37. Rc3 gxh4 38. gxh4 Rc8 39. Nb3 c4 40. Nxa5 Bd5 41.
b6 Ke6 42. Nxc4 Bxc4 43. b7 Rb8 44. Rxc4 Rxb7 45. e4 Rb6 46. Kc3 f5 47. a5 Ra6
48. Ra4 fxe4 49. Kd2 Kf5 50. Ke2 Kf4 51. Kf2 h5 52. Ke2 Kg3 53. Ke3 Kxh4 54.
Rxe4+ Kg3 55. Rxe5 h4 56. Rg5+ Kh2 57. Kd4 h3 58. Kc4 Kh1 59. Kb5 h2 60. Kxa6 1/2-1/2

[Event "Tata Steel Tienkamp 1"]
[Site "Wijk aan Zee NED"]
[Date "2016.01.30"]
[Round "8.5"]
[White "Brink, Barry"]
[Black "Hendriks, Willy"]
[Result "0-1"]
[BlackTitle "IM"]
[WhiteElo "2360"]
[BlackElo "2394"]
[WhiteFideId "1009451"]
[BlackFideId "1000713"]
[EventDate "2016.01.22"]

1. Nf3 g6 2. e4 c5 3. c3 Bg7 4. d4 cxd4 5. cxd4 d5 6. e5 Nc6 7. Nc3 Nh6 8. h3
O-O 9. Bb5 Bf5 10. O-O Qd7 11. Bf4 f6 12. Re1 Nf7 13. exf6 exf6 14. Na4 Be4 15.
Bg3 Rae8 16. Nc5 Qc8 17. Nxe4 dxe4 18. d5 exf3 19. Rxe8 Rxe8 20. dxc6 bxc6 21.
Rc1 fxg2 22. Bxc6 Bh6 23. Rc3 Rd8 24. Bd5 Qxh3 25. Bh2 Qe6 26. Rd3 Rxd5 27. Rxd5
Bf8 28. Kxg2 Ng5 29. Qd3 Qg4+ 30. Bg3 f5 31. Rd7 f4 32. Qc4+ Ne6 33. Rd4 f3+ 34.
Kf1 Qf5 35. Re4 Qh3+ 36. Ke1 Kf7 37. Rh4 Qg2 38. Rf4+ Ke7 39. Re4 Qg1+ 40. Kd2
Bh6+ 41. Kc2 Qc1+ 42. Kb3 Qd1+ 43. Ka3 Qd7 44. Qc7 Qxc7 45. Bxc7 Kd7 46. Ba5 Bf4
47. Re1 h5 48. Rd1+ Kc6 49. Rd3 g5 50. Rxf3 g4 51. Rd3 h4 52. Bc3 h3 53. b4 h2
54. Rd1 Ng5 55. Rh1 Nh3 56. Bd4 a6 57. Ka4 Kd5 58. Bb6 Ke4 59. Ka5 Kf3 60. Kxa6
Nxf2 0-1

[Event "Tata Steel Tienkamp 1"]
[Site "Wijk aan Zee NED"]
[Date "2016.01.31"]
[Round "9.1"]
[White "De Ruiter, Danny"]
[Black "Rudolf, Anna"]
[Result "1/2-1/2"]
[WhiteTitle "FM"]
[BlackTitle "IM"]
[WhiteElo "2310"]
[BlackElo "2332"]
[WhiteFideId "1020650"]
[BlackFideId "722855"]
[EventDate "2016.01.22"]

1. Nf3 Nf6 2. c4 b6 3. g3 Bb7 4. Bg2 g6 5. O-O Bg7 6. Nc3 O-O 7. d3 d5 8. cxd5
Nxd5 9. Bd2 Nf6 10. b4 Nbd7 11. d4 c5 12. bxc5 bxc5 13. dxc5 1/2-1/2

[Event "Tata Steel Tienkamp 1"]
[Site "Wijk aan Zee NED"]
[Date "2016.01.31"]
[Round "9.2"]
[White "Hendriks, Willy"]
[Black "Dobrov, Vladimir"]
[Result "1-0"]
[WhiteTitle "IM"]
[BlackTitle "GM"]
[WhiteElo "2394"]
[BlackElo "2518"]
[WhiteFideId "1000713"]
[BlackFideId "4136594"]
[EventDate "2016.01.22"]

1. e4 c6 2. d4 d5 3. exd5 cxd5 4. c4 Nf6 5. Nc3 e6 6. Nf3 Bb4 7. cxd5 Nxd5 8.
Bd2 Nc6 9. Bd3 O-O 10. O-O Nf6 11. Bg5 Be7 12. Qe2 Nb4 13. Bb1 Bd7 14. a3 Nbd5
15. Qd3 g6 16. Ba2 Bc6 17. Bh6 Re8 18. Ne5 Bd6 19. Qh3 Nxc3 20. bxc3 Bxe5 21.
dxe5 Ne4 22. Rae1 Qe7 23. Bb1 Nc5 24. Re3 Red8 25. Qg4 Rd5 26. c4 Rd7 27. Bg5
Qf8 28. Rh3 h5 29. Qf4 Rad8 30. Bf6 1-0

[Event "Tata Steel Tienkamp 1"]
[Site "Wijk aan Zee NED"]
[Date "2016.01.31"]
[Round "9.3"]
[White "Guramishvili, Sopiko"]
[Black "Brink, Barry"]
[Result "1-0"]
[WhiteTitle "IM"]
[WhiteElo "2374"]
[BlackElo "2360"]
[WhiteFideId "13602888"]
[BlackFideId "1009451"]
[EventDate "2016.01.22"]

1. c4 c5 2. Nc3 b6 3. Nf3 Bb7 4. e4 Nc6 5. d4 cxd4 6. Nxd4 g6 7. Be3 Bg7 8. Be2
Nf6 9. O-O O-O 10. f3 d6 11. Qd2 Rc8 12. Rac1 Nd7 13. Rfd1 Nc5 14. Nc2 Re8 15.
Bf1 Ne5 16. b3 Ne6 17. Nb4 Qd7 18. Nbd5 Nc5 19. Kh1 Ba8 20. Qf2 h6 21. Qh4 g5
22. Qf2 Ng6 23. b4 Na4 24. c5 Nxc3 25. Nxc3 bxc5 26. bxc5 Qe6 27. Nb5 d5 28.
Nxa7 dxe4 29. Bc4 Qf5 30. fxe4 Qxe4 31. Nxc8 Rxc8 32. Bxf7+ Kh8 33. Rc4 Qc6 34.
Bd5 Qxd5 35. Rxd5 Bxd5 36. Rb4 Rf8 37. Qe2 Nh4 38. Rg4 Rb8 39. Qd3 Bc6 40. Bf2
Bb5 41. Qb1 1-0

[Event "Tata Steel Tienkamp 1"]
[Site "Wijk aan Zee NED"]
[Date "2016.01.31"]
[Round "9.4"]
[White "Pijpers, Arthur"]
[Black "Hopman, Pieter"]
[Result "1/2-1/2"]
[WhiteTitle "IM"]
[BlackTitle "FM"]
[WhiteElo "2463"]
[BlackElo "2389"]
[WhiteFideId "1019554"]
[BlackFideId "1005669"]
[EventDate "2016.01.22"]

1. e4 e5 2. Nf3 Nc6 3. Bb5 Nge7 4. Nc3 d6 5. d4 a6 6. Be2 Bg4 7. d5 Nb8 8. Be3
Ng6 9. g3 Bh3 10. Qd2 h6 11. O-O-O Be7 12. Rhe1 Bg4 13. Kb1 Bxf3 14. Bxf3 Bg5
15. Bh5 Bxe3 16. Qxe3 Qg5 17. Bxg6 Qxg6 18. f4 Nd7 19. Ne2 O-O 20. f5 Qg5 21.
Qf3 Nf6 22. Ng1 Rfd8 23. Qg2 Nh5 24. Qh3 Nf6 25. Nf3 Qg4 26. Qxg4 Nxg4 27. Re2
Kf8 28. c4 c6 29. Rc1 c5 30. h3 Nf6 31. g4 b5 32. Nd2 Rdb8 33. Kc2 Rb7 34. Kd3
Nd7 35. b3 Nb6 36. h4 bxc4+ 37. Nxc4 Nxc4 38. Rxc4 a5 39. Ra4 Ke7 40. g5 Rbb8
41. gxh6 gxh6 42. Rg2 Kf6 43. Kc4 Rb6 44. Kd3 Rb5 45. Ke3 Rab8 46. Kf3 Ra8 1/2-1/2

[Event "Tata Steel Tienkamp 1"]
[Site "Wijk aan Zee NED"]
[Date "2016.01.31"]
[Round "9.5"]
[White "Beukema, Stefan"]
[Black "Van der Lende, Ilias"]
[Result "1-0"]
[WhiteTitle "FM"]
[BlackTitle "FM"]
[WhiteElo "2357"]
[BlackElo "2336"]
[WhiteFideId "1024523"]
[BlackFideId "1019260"]
[EventDate "2016.01.22"]

1. f4 g6 2. Nf3 Bg7 3. g3 Nf6 4. Bg2 O-O 5. O-O c5 6. d3 Nc6 7. e4 d6 8. c3 Rb8
9. a4 a6 10. h3 c4 11. e5 dxe5 12. fxe5 Nh5 13. Qe1 Na5 14. Nd4 f6 15. e6 f5 16.
g4 fxg4 17. Rxf8+ Qxf8 18. hxg4 Nf4 19. Bf1 Bxd4+ 20. cxd4 Nb3 21. Qe5 Nxc1 22.
Qxb8 cxd3 23. Nd2 Nce2+ 24. Bxe2 dxe2 25. d5 Nd3 26. Qg3 e1=R+ 27. Rxe1 Nxe1 28.
Qxe1 Qf4 29. Qc1 Qxg4+ 30. Kf2 Qf4+ 31. Ke2 Qb8 32. Ne4 b5 33. Qc5 Qh2+ 34. Kd3
Qh3+ 35. Kd4 Bxe6 36. Qxe7 Bf7 37. Qd8+ Kg7 38. Qf6+ Kg8 39. Qxf7+ Kxf7 40. Ng5+
Ke7 41. Nxh3 bxa4 42. Ke5 h6 43. d6+ Kd7 44. Nf4 g5 45. Nh5 1-0